Fixed point theory and applications (Record no. 78484)
[ view plain ]
| 000 -LEADER | |
|---|---|
| fixed length control field | 00529nam a2200193Ia 4500 |
| 001 - CONTROL NUMBER | |
| control field | 69503 |
| 008 - FIXED-LENGTH DATA ELEMENTS--GENERAL INFORMATION | |
| fixed length control field | 151103s9999||||xx |||||||||||||| ||und|| |
| 020 ## - INTERNATIONAL STANDARD BOOK NUMBER | |
| International Standard Book Number | 9780521104197 |
| 040 ## - CATALOGING SOURCE | |
| Transcribing agency | PK-LaUMT |
| 082 ## - DEWEY DECIMAL CLASSIFICATION NUMBER | |
| Classification number | 514 |
| Item number | AGA-F |
| 100 ## - MAIN ENTRY--PERSONAL NAME | |
| Personal name | Agarwakm Ravi P. |
| 245 ## - TITLE STATEMENT | |
| Title | Fixed point theory and applications |
| Statement of responsibility, etc | Agarwakm Ravi P.|Meehan, Maria|O'Regan, Donal |
| 260 ## - PUBLICATION, DISTRIBUTION, ETC. (IMPRINT) | |
| Place of publication, distribution, etc | Cambridge,USA: |
| Name of publisher, distributor, etc | Cambridge University Press, |
| Date of publication, distribution, etc | 2001 |
| 300 ## - PHYSICAL DESCRIPTION | |
| Extent | 170 p. |
| 546 ## - LANGUAGE NOTE | |
| Language note | EN |
| 700 ## - ADDED ENTRY--PERSONAL NAME | |
| Personal name | Meehan, Maria |
| 700 ## - ADDED ENTRY--PERSONAL NAME | |
| Personal name | O'Regan, Donal |
| 942 ## - ADDED ENTRY ELEMENTS (KOHA) | |
| Koha item type | Books |
| Withdrawn status | Lost status | Damaged status | Not for loan | Home library | Current library | Date acquired | Total Checkouts | Full call number | Barcode | Date last seen | Date checked out | Price effective from | Koha item type |
|---|---|---|---|---|---|---|---|---|---|---|---|---|---|
| UMT Main Campus | UMT Main Campus | 2015-11-02 | 5 | 514 AGA-F | 96099 | 2019-10-08 | 2019-07-16 | 2015-11-03 | Books |
